Финансовая отчетность Главной конторы князя Бориса Александровича Васильчикова в Санкт-Петербурге

Доступно только в Электронных читальных залах Найти на картеНа карте
RUSMARC
00003897nmc2a2200000 x 450
0016e99348a-97c3-4911-87d4-54d66536eb3b
00520151218190040.0
100##$a20150910l18971897k l0rusy0189 ca
1010#$arus
$ager
$aeng
$afre
102##$aRU
2001#$aФинансовая отчетность Главной конторы князя Бориса Александровича Васильчикова в Санкт-Петербурге
$j1897 г.
251##$cДело
300##$aНа русском и иностранном языках
801#0$aRU
$bРГИА
$c20150910
$gRCR
801#1$aRU
$bГлавНИВЦ
$c20150910
$2rusmarc
801#2$aRU
$bПБ им. Б.Н. Ельцина
$c20151218
$gRCR
$2rusmarc
850##$aРГИА
852##$aРГИА
$eФедеральное казенное учреждение "Российский государственный исторический архив" (РГИА)
$j1382
937##$hРГИА
$d12148360
$aASBIBLIO_SCAN
462#0$1001822e29f6-cf5c-4253-b938-c1de610979e5
$12001
$aАрхив князей Васильчиковых. 1706-1917 гг.
$1251
$cОпись
$1852
$j1
461#0$1001f72a1ecb-9a9a-44e3-87ff-4a647e6521fe
$12001
$aВасильчиковы, князья
$1251
$cФонд
$1852
$j651
215##$a258 л.
$d36,5х26 см
371##$aДокумент не является опубликованным и широко распространяемым
105##$ay###
1222#$ad
330##$aХозяйственные расходы по имениям, заводам и дому Бориса Александровича Васильчикова, расчеты с банками и поставщиками Бориса Александровича и Софьи Николаевны Васильчиковых (счета, квитанции, накладные и другие оправдательные документы)
035##$a6e99348a-97c3-4911-87d4-54d66536eb3b
Формат отображения